| 000 | 00486nam a22001577a 4500 | ||
|---|---|---|---|
| 005 | 20260423133549.0 | ||
| 008 | 260423b |||||||| |||| 00| 0 eng d | ||
| 020 | _a9780435913564 | ||
| 050 |
_aPR9387.9 _b.N48 |
||
| 100 | _aNgũgĩ wa Thiong’o | ||
| 245 | _aA Grain of Wheat | ||
| 260 |
_aLondon _bPearson Education Limited _c2008 |
||
| 300 | _aviii, 267p. | ||
| 650 |
_aEnglish Literature _vAfrican literature in English _xAnti-colonial struggle and nationalism—Fiction |
||
| 942 | _cBK | ||
| 999 |
_c4691 _d4691 |
||